Central Library OPAC University of Rajshahi

Aluminum paint and powder / (Record no. 16118)

MARC details
000 -LEADER
fixed length control field 00943cam a2200301 i 4500
001 - CONTROL NUMBER
control field 16118
003 - CONTROL NUMBER IDENTIFIER
rucl marc code BD-RjUL
005 - DATE AND TIME OF LATEST TRANSACTION
control field 20211208235946.0
008 - FIXED-LENGTH DATA ELEMENTS--GENERAL INFORMATION
fixed length control field 140211s1955 nyua 001 0 eng d
035 ## - SYSTEM CONTROL NUMBER
System control number (OCoLC)ocm02343252
System control number (BD-RjUL)16173
040 ## - CATALOGING SOURCE
Original cataloging agency FEM
Transcribing agency FEM
Modifying agency BD-RjUL
Language of cataloging eng
041 ## - LANGUAGE CODE
Language code of text/sound track or separate title eng
082 00 - DEWEY DECIMAL CLASSIFICATION NUMBER
Classification number 669.722
Author mark and year EDA 1955
090 ## - LOCALLY ASSIGNED LC-TYPE CALL NUMBER (OCLC); LOCAL CALL NUMBER (OCLC)
Classification number (OCLC) (R) ; Classification number, CALL (RLIN) (NR) TS555
Local cutter number (OCLC) ; Book number/undivided call number, CALL (RLIN) .Ed96 1955
100 1# - MAIN ENTRY--PERSONAL NAME
Personal name Edwards, Junius David,
Dates associated with a name 1890-
9 (RLIN) 49892
245 10 - TITLE STATEMENT
Title Aluminum paint and powder /
Statement of responsibility, etc. by Junius David Edwards and Robert I. Wray.
250 ## - EDITION STATEMENT
Edition statement 3rd ed.
260 ## - PUBLICATION, DISTRIBUTION, ETC. (IMPRINT)
Place of publication, distribution, etc. New York :
Name of publisher, distributor, etc. Reinhold,
Date of publication, distribution, etc. c1955.
300 ## - PHYSICAL DESCRIPTION
Pagination viii, 219 p. :
Illustrations illus., diagrs. ;
Size 24 cm.
500 ## - GENERAL NOTE
General note "First edition was titled: Aluminum bronze powder and aluminum paint."
General note Includes bibliographical references and index.
650 #0 - SUBJECT ADDED ENTRY--TOPICAL TERM
Topical term or geographic name as entry element Aluminum.
9 (RLIN) 49893
Topical term or geographic name as entry element Paint.
9 (RLIN) 49894
700 1# - ADDED ENTRY--PERSONAL NAME
Personal name Wray, Robert I.
942 ## - ADDED ENTRY ELEMENTS (KOHA)
Source of classification or shelving scheme Dewey Decimal Classification
Koha item type Books
Holdings
Lost status Source of classification or shelving scheme Damaged status Not for loan Collection code Permanent Location Current Location Shelving location Date acquired Source of acquisition Cost, normal purchase price Total Checkouts Full call number Date last seen Copy number Koha item type
  Dewey Decimal Classification   Not For Loan Non-fiction Central Library, University of Rajshahi Central Library, University of Rajshahi Reading Room 08/02/1958 B.H Black well 2.40   669.722 EDA 1955 11/02/2014 C-1 Books